00339nam a2200121Ia 4500008004000000020001800040082001700058100002500075245003600100260005200136300001100188650001800199210210b2000 xxu||||| |||| 00| 0 eng d a0 534 34681 2 a155.633 RIDO aRIDER (Elizabeth A). aOur voices psychology of women. aAustralia.bWadsworth, Thomson Learning.,c2000 axv,608 aWomen Woman